|
|
|
|
| LEADER |
00000nam0a2200000 4500 |
| 001 |
130050 |
| 005 |
20260113165111.0 |
| 035 |
|
|
|a (RuTPU)RU\TPU\book\140838
|
| 090 |
|
|
|a 130050
|
| 100 |
|
|
|a 20080130d1957 m y0rusy50 ca
|
| 101 |
1 |
|
|a rus
|c fre
|
| 102 |
|
|
|a RU
|
| 105 |
|
|
|a a z 000by
|
| 200 |
1 |
|
|a Французский театр эпохи просвещения
|e сборник пьес
|e в 2 т.
|e пер. с фр.
|h Т. 1
|f авт. предисл. и коммент. С. Мокульский
|
| 210 |
|
|
|a Москва
|c Государственное изд-во Искусство
|d 1957
|
| 215 |
|
|
|a 487 с.
|
| 606 |
|
|
|a Французская литература
|x Произведения
|9 81252
|
| 610 |
1 |
|
|a французская культура
|
| 610 |
1 |
|
|a театр
|
| 610 |
1 |
|
|a пьесы
|
| 675 |
|
|
|a 84
|v 3
|
| 702 |
|
1 |
|a Мокульский
|b С.
|4 080
|
| 801 |
|
1 |
|a RU
|b 63413507
|c 20080130
|g PSBO
|
| 942 |
|
|
|c BK
|